[Event "4NCL Division 3 South"]
[Site "Maidenhead, ENG"]
[Date "2022.02.12"]
[Round "3.44"]
[White "Moyse, Nigel John"]
[Black "Higgs, Anthony R J"]
[Result "1-0"]
[WhiteElo "1978"]
[BlackElo "1964"]
[PlyCount "125"]
[EventDate "2022.02.12"]
[WhiteTeam "SchachAttack"]
[BlackTeam "Sussex Martlets 2"]

1. d4 Nf6 2. Bf4 d6 3. e3 g6 4. h3 Bg7 5. Nf3 O-O 6. Be2 c6 7. Nbd2 Re8 8. O-O
Nbd7 9. Bh2 c5 10. c3 b6 11. Qb3 Bb7 12. Ng5 d5 13. f4 h6 14. Ngf3 e6 15. Ne5
Qe7 16. Rae1 Rec8 17. Ndf3 Ne4 18. Nxd7 Qxd7 19. Qc2 a5 20. Qb3 c4 21. Qc2 b5
22. Ne5 Qe8 23. g4 f5 24. Bf3 Kh7 25. Kh1 b4 26. Rg1 Bxe5 27. fxe5 Ng5 28. Bg2
Qe7 29. Ref1 b3 30. axb3 cxb3 31. Qxb3 a4 32. Qb4 Qxb4 33. cxb4 Rc2 34. Rb1
Rac8 35. gxf5 gxf5 36. Bg3 Ba6 37. h4 Ne4 38. Bxe4 dxe4 39. Rg2 Be2 40. Kh2 Bf3
41. Rf2 Rc1 42. Rxc1 Rxc1 43. Bf4 Rc4 44. d5 exd5 45. e6 Rc6 46. e7 Bh5 47. Rd2
Re6 48. Rxd5 Rxe7 49. b5 Rb7 50. Rd6 Rxb5 51. Rxh6+ Kg7 52. Rxh5 Rxb2+ 53. Kg3
Rb5 54. Rh6 Ra5 55. Rc6 a3 56. Rc1 a2 57. Ra1 Kg6 58. Bc7 Ra7 59. Be5 Kf7 60.
Kf4 Ke6 61. h5 Ra8 62. h6 Rg8 63. Bg7 1-0

[Event "4NCL Division 3 South"]
[Site "Maidenhead, ENG"]
[Date "2022.02.12"]
[Round "3.45"]
[White "Howell, Chris I"]
[Black "Robson, Ian A"]
[Result "0-1"]
[WhiteElo "1951"]
[BlackElo "2045"]
[PlyCount "106"]
[EventDate "2022.02.12"]
[WhiteTeam "Sussex Martlets 2"]
[BlackTeam "SchachAttack"]

1. e4 e5 2. Nf3 Nc6 3. Nc3 Nf6 4. d4 exd4 5. Nd5 h6 6. Bf4 d6 7. Nxd4 Be7 8.
Bb5 Bd7 9. O-O O-O 10. Bxc6 bxc6 11. Nxe7+ Qxe7 12. Re1 Ng4 13. Nxc6 Qf6 14.
Bg3 Nxf2 15. Bxf2 Bxc6 16. Qd4 Qxd4 17. Bxd4 f6 18. Re3 Rf7 19. Rae1 Re7 20. g4
Bd7 21. Kf2 c5 22. Bc3 Rae8 23. h3 Bc6 24. Kf3 Kf7 25. b3 g6 26. Kf4 g5+ 27.
Kf3 d5 28. Bb2 d4 29. R3e2 Kg6 30. Ba3 Re5 31. Bb2 a6 32. Bc1 Rxe4 33. Rxe4 f5
34. gxf5+ Kxf5 35. Kg3 Bxe4 36. Rf1+ Kg6 37. Rf2 Bf5 38. Ba3 Re3+ 39. Rf3 Re5
40. Kf2 Bxc2 41. Bb2 Bd1 42. Rd3 Re2+ 43. Kg3 Rxb2 44. Rxd1 Rxa2 45. b4 cxb4
46. Rxd4 a5 47. Rd6+ Kh5 48. h4 Ra3+ 49. Kg2 Kxh4 50. Rxh6+ Kg4 51. Rd6 Ra2+
52. Kf1 b3 53. Rd4+ Kh5 0-1

[Event "4NCL Division 3 South"]
[Site "Maidenhead, ENG"]
[Date "2022.02.12"]
[Round "3.46"]
[White "Alizada, Eldar"]
[Black "Sutton, Daniel"]
[Result "1/2-1/2"]
[WhiteElo "2056"]
[BlackElo "2027"]
[PlyCount "100"]
[EventDate "2022.02.12"]
[WhiteTeam "SchachAttack"]
[BlackTeam "Sussex Martlets 2"]

1. d4 Nf6 2. c4 g6 3. Nc3 d5 4. cxd5 Nxd5 5. Bd2 Bg7 6. e4 Nxc3 7. Bxc3 O-O 8.
Nf3 Bg4 9. Be2 Nc6 10. d5 Bxc3+ 11. bxc3 Bxf3 12. Bxf3 Ne5 13. O-O c6 14. Be2
cxd5 15. exd5 Qc7 16. Qb3 Rac8 17. Rac1 Nd7 18. c4 Nc5 19. Qe3 Rfe8 20. Bg4
Rcd8 21. h4 b6 22. Rfd1 e6 23. dxe6 Rxd1+ 24. Rxd1 Nxe6 25. Bxe6 Rxe6 26. Qd4
Rc6 27. Re1 Qc8 28. Re4 Re6 29. Rxe6 Qxe6 30. g3 h5 31. a3 Qe7 32. Qe3 Qc5 33.
Kg2 Kg7 34. Qc3+ Kg8 35. Qd3 Kf8 36. Qd8+ Kg7 37. Qd3 Qc6+ 38. Kg1 Kf6 39. Qd4+
Ke6 40. Qe3+ Kd7 41. Qf4 Qe6 42. Qb8 Qxc4 43. Qxa7+ Qc7 44. Qa4+ Qc6 45. Qb3
Qf6 46. Kg2 Kc6 47. a4 Qe6 48. Qb5+ Kc7 49. a5 Qe4+ 50. Kh2 bxa5 1/2-1/2

[Event "4NCL Division 3 South"]
[Site "Maidenhead, ENG"]
[Date "2022.02.12"]
[Round "3.51"]
[White "Cooksey, Paul S"]
[Black "Weersing, Abigail Riis"]
[Result "1-0"]
[WhiteElo "2290"]
[BlackElo "2032"]
[PlyCount "87"]
[EventDate "2022.02.12"]
[WhiteTeam "Crowthorne A"]
[BlackTeam "Poisoned Pawns"]

1. d4 d6 2. c4 Nf6 3. Nc3 g6 4. Nf3 Bg7 5. Bg5 c6 6. h3 Be6 7. e3 Nbd7 8. Rc1
Nb6 9. b3 h6 10. Bf4 g5 11. Bg3 Bf5 12. Bd3 Be6 13. O-O g4 14. hxg4 Bxg4 15.
Qc2 Qd7 16. Nh4 O-O-O 17. f3 Be6 18. Nf5 Rdg8 19. Rf2 Bf8 20. Bh2 h5 21. g3 h4
22. g4 Bxf5 23. Bxf5 e6 24. Bd3 Bh6 25. Re1 Kb8 26. c5 Nc8 27. Ne4 Nd5 28. Rfe2
Ka8 29. Kh1 e5 30. Nxd6 Rg7 31. Bf5 Qe7 32. Nxc8 Qf6 33. Bxe5 Qg5 34. f4 Qd8
35. Bxg7 Bxg7 36. Nd6 h3 37. Nxf7 Qh4 38. Nxh8 Bxh8 39. Rg1 Nb4 40. Qe4 a6 41.
g5 Nd5 42. Rg4 Qh5 43. Qf3 Nc3 44. Rh2 1-0

[Event "4NCL Division 3 South"]
[Site "Maidenhead, ENG"]
[Date "2022.02.12"]
[Round "3.52"]
[White "Kemp, Paul R"]
[Black "Webb, Richard M"]
[Result "1/2-1/2"]
[WhiteElo "2013"]
[BlackElo "2218"]
[PlyCount "22"]
[EventDate "2022.02.12"]
[WhiteTeam "Poisoned Pawns"]
[BlackTeam "Crowthorne A"]

1. e4 c5 2. c3 e5 3. Nf3 Nc6 4. Bb5 a6 5. Bxc6 dxc6 6. O-O Bg4 7. h3 h5 8. Na3
Qf6 9. Nc4 Bxf3 10. Qxf3 Qxf3 11. gxf3 f6 1/2-1/2

[Event "4NCL Division 3 South"]
[Site "Maidenhead, ENG"]
[Date "2022.02.12"]
[Round "3.53"]
[White "Thompson, Ian D"]
[Black "Hutchinson, Norman A"]
[Result "1-0"]
[WhiteElo "2060"]
[BlackElo "1987"]
[PlyCount "65"]
[EventDate "2022.02.12"]
[WhiteTeam "Crowthorne A"]
[BlackTeam "Poisoned Pawns"]

1. Nf3 Nf6 2. c4 e6 3. d4 b6 4. Nc3 Bb4 5. e3 Bb7 6. Bd3 O-O 7. O-O d5 8. Qc2
dxc4 9. Bxc4 Ba6 10. Bxa6 Nxa6 11. Na4 Qd5 12. a3 Bd6 13. Nc3 Qb7 14. e4 Be7
15. b4 c5 16. dxc5 bxc5 17. b5 Nb8 18. Bg5 h6 19. Bh4 Ng4 20. Bxe7 Qxe7 21. e5
Nd7 22. Qe4 h5 23. Rfd1 Nb6 24. a4 f5 25. exf6 Qxf6 26. Rac1 Rad8 27. h3 Rxd1+
28. Nxd1 Qh6 29. Rxc5 Rf4 30. Qc2 Nf6 31. a5 Nbd5 32. Rc8+ Kf7 33. Ne5+ 1-0

[Event "4NCL Division 3 South"]
[Site "Maidenhead, ENG"]
[Date "2022.02.12"]
[Round "3.54"]
[White "Rosen, Daniel B"]
[Black "Coates, Kenneth G"]
[Result "1/2-1/2"]
[WhiteElo "1976"]
[BlackElo "2052"]
[PlyCount "101"]
[EventDate "2022.02.12"]
[WhiteTeam "Poisoned Pawns"]
[BlackTeam "Crowthorne A"]

1. e4 d5 2. exd5 Qxd5 3. Nc3 Qd6 4. d4 Nf6 5. Nf3 Bg4 6. h3 Bh5 7. Be3 c6 8.
Be2 Nbd7 9. Qd2 e6 10. O-O Rc8 11. a3 Qc7 12. Bf4 Bd6 13. Bxd6 Qxd6 14. Rad1
O-O 15. Qe3 Bg6 16. Bd3 Bxd3 17. Rxd3 Rfd8 18. Ne5 Qe7 19. Rfd1 Nd5 20. Nxd5
cxd5 21. Nxd7 Rxd7 22. c3 Rdc7 23. Re1 a5 24. Qe5 Qf6 25. Qd6 Rc6 26. Qg3 b5
27. Rf3 Qe7 28. Qe5 Qd6 29. Qg5 b4 30. Rg3 g6 31. axb4 axb4 32. Qd2 Rc4 33. h4
bxc3 34. bxc3 Qa3 35. Ree3 Rb8 36. Re1 Rb2 37. Qe3 Rc2 38. Rb1 Qxc3 39. Rb8+
Rc8 40. Qe5 Rc1+ 41. Kh2 Qc7 42. Rxc8+ Qxc8 43. h5 Rc6 44. Rb3 Qf8 45. hxg6 f6
46. Qh5 Rc7 47. Rg3 Kh8 48. Qg4 Qg8 49. Qf4 Qd8 50. Rh3 Rg7 51. gxh7 1/2-1/2

[Event "4NCL Division 3 South"]
[Site "Maidenhead, ENG"]
[Date "2022.02.12"]
[Round "3.55"]
[White "Tart, Peter K"]
[Black "McMahon, Paul"]
[Result "1/2-1/2"]
[WhiteElo "1880"]
[BlackElo "1917"]
[PlyCount "91"]
[EventDate "2022.02.12"]
[WhiteTeam "Crowthorne A"]
[BlackTeam "Poisoned Pawns"]

1. e4 e5 2. Nf3 Nc6 3. d4 exd4 4. Bc4 Be7 5. c3 Na5 6. Bd3 dxc3 7. Nxc3 d6 8.
O-O Nf6 9. e5 dxe5 10. Qa4+ Nc6 11. Nxe5 Bd7 12. Nxd7 Nxd7 13. Bb5 Nb6 14. Qg4
O-O 15. Bh6 Bf6 16. Bxc6 bxc6 17. Rad1 Qc8 18. Qg3 Qf5 19. Bf4 Nd5 20. Bxc7
Nxc7 21. Qxc7 Rfc8 22. Qd7 Qxd7 23. Rxd7 Rd8 24. Rfd1 Rxd7 25. Rxd7 Rd8 26.
Rxd8+ Bxd8 27. Kf1 f5 28. Ke2 Kf7 29. Kd3 Bb6 30. f3 Ke6 31. Ne2 g6 32. Kc4 Ke5
33. b4 a6 34. Kd3 g5 35. g3 Kd5 36. Nc3+ Ke5 37. Ne2 h6 38. a3 Kd5 39. h3 c5
40. Nc3+ Ke5 41. Na4 Ba7 42. Nxc5 Bxc5 43. bxc5 Kd5 44. c6 Kxc6 45. Kc4 h5 46.
g4 1/2-1/2

[Event "4NCL Division 3 South"]
[Site "Maidenhead, ENG"]
[Date "2022.02.12"]
[Round "3.56"]
[White "Judkins, Brian D"]
[Black "Duckers, Harvey L"]
[Result "1/2-1/2"]
[WhiteElo "1722"]
[BlackElo "1824"]
[PlyCount "139"]
[EventDate "2022.02.12"]
[WhiteTeam "Poisoned Pawns"]
[BlackTeam "Crowthorne A"]

1. e4 c5 2. Nf3 e6 3. d3 Nc6 4. g3 d5 5. Nbd2 Nf6 6. Bg2 Be7 7. O-O b6 8. Re1
Bb7 9. e5 Nd7 10. Nf1 Qc7 11. Bf4 O-O-O 12. c3 Rdg8 13. d4 g5 14. Be3 h5 15.
Qe2 Kb8 16. a3 c4 17. Qc2 f5 18. exf6 Bxf6 19. b4 Nf8 20. a4 Qg7 21. Re2 Kc8
22. Rd1 g4 23. Ne1 h4 24. Bf4 Qd7 25. Qa2 Ng6 26. Bc1 Nce7 27. Ne3 hxg3 28.
fxg3 Nf8 29. Rf2 Bg7 30. Rf7 Qe8 31. Rf4 Bh6 32. Rf2 Qh5 33. Bh1 Bxe3 34. Bxe3
Nf5 35. Bf4 Ng6 36. Qd2 Kd7 37. Nc2 Rf8 38. Re1 Nfe7 39. Qe2 Nxf4 40. Rxf4 Qh6
41. Rxg4 Nf5 42. Rf1 Re8 43. Bf3 Rh7 44. h4 Rg7 45. Kg2 Reg8 46. Re1 Nxg3 47.
Kxg3 Bc8 48. Kf2 Rxg4 49. Bxg4 Qxh4+ 50. Kf1 Qxg4 51. Qxg4 Rxg4 52. Re3 Kd6 53.
Kf2 Bd7 54. b5 Rh4 55. Kg2 Be8 56. Nb4 Bg6 57. Nc6 Be4+ 58. Kg3 Rh7 59. a5 bxa5
60. Nxa5 Rf7 61. Nxc4+ dxc4 62. Rxe4 Rf1 63. Re5 Rc1 64. Rc5 Rxc3+ 65. Kf2 Rb3
66. Rxc4 Rxb5 67. Ke3 a5 68. Ke4 Rb4 69. Rc5 a4 70. Ra5 1/2-1/2

[Event "4NCL Division 3 South"]
[Site "Maidenhead, ENG"]
[Date "2022.02.12"]
[Round "3.61"]
[White "Duggan, Michael F G"]
[Black "Nelson, Omowale"]
[Result "0-1"]
[WhiteElo "2061"]
[BlackElo "1984"]
[PlyCount "20"]
[EventDate "2022.02.12"]
[WhiteTeam "Poole"]
[BlackTeam "Watford A"]

1. d4 d5 2. c4 dxc4 3. Nc3 Nf6 4. e4 e5 5. d5 b5 6. Nxb5 Nxe4 7. Qa4 c6 8. dxc6
Bc5 9. Bxc4 Bxf2+ 10. Kf1 Bxg1 0-1

[Event "4NCL Division 3 South"]
[Site "Maidenhead, ENG"]
[Date "2022.02.12"]
[Round "3.62"]
[White "Lancaster, Roger"]
[Black "Weatherlake, John P"]
[Result "1-0"]
[WhiteElo "1955"]
[BlackElo "1974"]
[PlyCount "61"]
[EventDate "2022.02.12"]
[WhiteTeam "Watford A"]
[BlackTeam "Poole"]

1. e4 c5 2. Nc3 Nc6 3. g3 g6 4. Bg2 Bg7 5. d3 d6 6. f4 e6 7. Nf3 Nge7 8. O-O
O-O 9. Be3 b6 10. d4 Ba6 11. Rf2 Rc8 12. dxc5 dxc5 13. Rd2 Qc7 14. Bf1 Bxf1 15.
Qxf1 Qb8 16. e5 Qa8 17. g4 Nd5 18. Rxd5 exd5 19. Nxd5 f5 20. gxf5 Rxf5 21. Qc4
Kh8 22. Rd1 Rd8 23. Rd2 Bxe5 24. Nxe5 Nxe5 25. fxe5 Rdf8 26. Qc3 Rf1+ 27. Kg2
Qc6 28. e6+ Kg8 29. Bh6 R8f6 30. Qg3 Rxe6 31. Kxf1 1-0

[Event "4NCL Division 3 South"]
[Site "Maidenhead, ENG"]
[Date "2022.02.12"]
[Round "3.63"]
[White "Stanciu, Ciprian"]
[Black "Taylor, Alistair"]
[Result "1-0"]
[WhiteElo "1993"]
[BlackElo "1874"]
[PlyCount "85"]
[EventDate "2022.02.12"]
[WhiteTeam "Poole"]
[BlackTeam "Watford A"]

1. d4 d5 2. Bf4 Nf6 3. e3 e6 4. c3 c5 5. Nf3 Nc6 6. Nbd2 cxd4 7. exd4 Bd6 8.
Ne5 Bxe5 9. dxe5 Nd7 10. Qg4 g6 11. Qg3 Qc7 12. Bb5 h6 13. h4 a6 14. Ba4 b5 15.
Bc2 Ne7 16. Qe3 b4 17. Nf3 bxc3 18. bxc3 Nb6 19. Nd2 Bd7 20. a4 Rc8 21. Ra3 Bc6
22. O-O Nc4 23. Nxc4 dxc4 24. Rd1 Nd5 25. Qg3 Qe7 26. Bc1 g5 27. h5 Nf4 28. Qg4
Nxg2 29. Ra1 Qb7 30. Rb1 Qa8 31. Rd6 Nf4 32. Bxf4 gxf4 33. Rxe6+ Kf8 34. Qxf4
Bd7 35. Rg6 Ke8 36. Rg2 Qd5 37. Rd1 Qe6 38. Rd6 Qe7 39. Rxh6 Rf8 40. Rxa6 Be6
41. h6 Bd5 42. Rd6 Ba8 43. e6 1-0

[Event "4NCL Division 3 South"]
[Site "Maidenhead, ENG"]
[Date "2022.02.12"]
[Round "3.64"]
[White "Dasgupta, Avyukt"]
[Black "Fuller, David Michael"]
[Result "1-0"]
[WhiteElo "1821"]
[BlackElo "1889"]
[PlyCount "95"]
[EventDate "2022.02.12"]
[WhiteTeam "Watford A"]
[BlackTeam "Poole"]

1. d4 Nf6 2. Bf4 d5 3. e3 e6 4. Nf3 c5 5. c3 Nc6 6. Nbd2 Bd6 7. Ne5 O-O 8. Bd3
Qc7 9. Ndf3 b6 10. Nxc6 Bxf4 11. Nce5 Bxe5 12. Nxe5 Bb7 13. O-O Nd7 14. f4 Nf6
15. Qe2 Ne4 16. Rad1 f6 17. Nf3 Rad8 18. Nd2 Nxd2 19. Rxd2 f5 20. g4 c4 21. Bb1
b5 22. Qf3 g6 23. h4 Rd7 24. Rh2 Rg7 25. g5 Kf7 26. Kf2 a5 27. Rfh1 Ke8 28. h5
Bc8 29. hxg6 hxg6 30. Rh8 Rfg8 31. Qh3 Qf7 32. Rh7 Rxh7 33. Qxh7 Rg7 34. Qh8+
Rg8 35. Qe5 Bd7 36. Qd6 a4 37. Rh6 Qg7 38. Bc2 Qf7 39. Bd1 Qg7 40. Bf3 Qf7 41.
Kg3 Kd8 42. Qb8+ Ke7 43. Qe5 Ke8 44. Bxd5 Kd8 45. Bf3 Qg7 46. Qc5 Qe7 47. Qe5
Qg7 48. Qd6 1-0

[Event "4NCL Division 3 South"]
[Site "Maidenhead, ENG"]
[Date "2022.02.12"]
[Round "3.65"]
[White "Smith, Richard"]
[Black "Mead-Herbert, Bradley"]
[Result "1-0"]
[WhiteElo "1923"]
[BlackElo "1568"]
[PlyCount "55"]
[EventDate "2022.02.12"]
[WhiteTeam "Poole"]
[BlackTeam "Watford A"]

1. e4 d5 2. exd5 Qxd5 3. Nc3 Qa5 4. d4 c6 5. Bc4 Nf6 6. Nf3 Bf5 7. Bd2 e6 8.
Qe2 Nbd7 9. d5 Nc5 10. Nd4 O-O-O 11. Nxf5 exf5 12. Ne4 Qb6 13. Nxf6 gxf6 14.
dxc6 Qxc6 15. O-O-O Ne4 16. Bf4 Bd6 17. Bxd6 Rxd6 18. f3 Rxd1+ 19. Rxd1 Nd6 20.
Bd5 Qc5 21. Bxf7 Kb8 22. Qe7 Ka8 23. Rxd6 Rc8 24. Bb3 Qg1+ 25. Rd1 Qxg2 26. Qd7
Kb8 27. Qd6+ Ka8 28. Qc7 1-0

[Event "4NCL Division 3 South"]
[Site "Maidenhead, ENG"]
[Date "2022.02.12"]
[Round "3.66"]
[White "Nagda, Maanav"]
[Black "Popovic, Dragi"]
[Result "1-0"]
[WhiteElo "1552"]
[BlackElo "1782"]
[PlyCount "125"]
[EventDate "2022.02.12"]
[WhiteTeam "Watford A"]
[BlackTeam "Poole"]

1. d4 e6 2. Bf4 d6 3. e3 Nf6 4. Nf3 Nbd7 5. Nbd2 b6 6. Bd3 Bb7 7. Bg3 Be7 8.
Qe2 O-O 9. O-O c5 10. c3 a6 11. e4 cxd4 12. Nxd4 Nc5 13. e5 dxe5 14. Bxe5 Nxd3
15. Qxd3 Bd6 16. Bxf6 Qxf6 17. N2f3 Rfd8 18. Qe3 Bc5 19. Qe2 Qg6 20. Rfd1 Be7
21. Qf1 Bg5 22. Nxg5 Qxg5 23. Nb3 Qg4 24. Nd4 Qg6 25. Ne2 Qg4 26. Ng3 h5 27.
Qe2 Qxe2 28. Nxe2 Kf8 29. Nf4 g6 30. g3 Bf3 31. Rd3 Rxd3 32. Nxd3 Rd8 33. Ne5
Bb7 34. Nc4 b5 35. Na5 Bf3 36. Nb3 Rd6 37. Kf1 Ke7 38. Ke1 Bd5 39. Nd4 e5 40.
Nc2 Be6 41. a3 Bb3 42. Ne3 f5 43. Rc1 Rc6 44. Ke2 Ke6 45. h4 f4 46. gxf4 exf4
47. Nc2 Ke5 48. Nd4 Bc4+ 49. Kd2 Rf6 50. Re1+ Kd6 51. f3 Be6 52. Nxe6 Rxe6 53.
Rxe6+ Kxe6 54. Kd3 Kf5 55. Ke2 a5 56. b3 g5 57. hxg5 h4 58. g6 Kxg6 59. Kf2 h3
60. Kg1 a4 61. bxa4 bxa4 62. Kh2 Kf5 63. Kxh3 1-0

[Event "4NCL Division 3 South"]
[Site "Maidenhead, ENG"]
[Date "2022.02.12"]
[Round "3.71"]
[White "Spanton, Tim R"]
[Black "Walkusz, Miroslaw"]
[Result "1-0"]
[WhiteElo "1901"]
[BlackElo "1944"]
[PlyCount "95"]
[EventDate "2022.02.12"]
[WhiteTeam "Weesex Some Stars B"]
[BlackTeam "Cambridge University 3"]

1. Nc3 d5 2. d4 Nf6 3. Bg5 e6 4. e4 Be7 5. e5 Nfd7 6. h4 a6 7. Qg4 f5 8. Qh5+
Kf8 9. Nh3 Qe8 10. Bxe7+ Qxe7 11. Nf4 Qf7 12. Qxf7+ Kxf7 13. Ncxd5 exd5 14. e6+
Ke8 15. exd7+ Kxd7 16. Nxd5 Re8+ 17. Kd2 Nc6 18. c3 Kd6 19. Nf4 b5 20. Bd3 Na5
21. b4 Nc4+ 22. Bxc4 bxc4 23. Rhe1 Bd7 24. Rxe8 Rxe8 25. Re1 Rxe1 26. Kxe1 Be8
27. Kd2 g6 28. Ke3 h6 29. Nh3 Ke6 30. Kf4 Kf6 31. g3 Bc6 32. Ng1 g5+ 33. hxg5+
hxg5+ 34. Ke3 Bd5 35. Nf3 Be6 36. Ne5 Ke7 37. Nc6+ Kd6 38. Ne5 Ke7 39. d5 Bxd5
40. Kd4 Ke6 41. Nxc4 Bc6 42. Ne5 Be8 43. c4 Ba4 44. Nd3 Bc6 45. Nc5+ Kf6 46.
Nxa6 f4 47. gxf4 gxf4 48. Nxc7 1-0

[Event "4NCL Division 3 South"]
[Site "Maidenhead, ENG"]
[Date "2022.02.12"]
[Round "3.72"]
[White "Phillips, William"]
[Black "Appleby, Stephen"]
[Result "1-0"]
[WhiteElo "1814"]
[BlackElo "1886"]
[PlyCount "51"]
[EventDate "2022.02.12"]
[WhiteTeam "Cambridge University 3"]
[BlackTeam "Weesex Some Stars B"]

1. d4 Nf6 2. Nf3 c5 3. d5 e6 4. c4 exd5 5. cxd5 g6 6. Nc3 Bg7 7. e4 O-O 8. Bd3
d6 9. O-O Re8 10. Nd2 b6 11. Re1 Ba6 12. Bxa6 Nxa6 13. Nc4 Qd7 14. a4 Reb8 15.
Bf4 Ne8 16. Nb5 Bf8 17. Ra3 Nac7 18. Nxc7 Nxc7 19. e5 dxe5 20. Nxe5 Qf5 21. Rf3
Re8 22. Bg3 Qh5 23. Rxf7 Qxd1 24. Rxd1 Nxd5 25. Rxd5 Rxe5 26. Rxf8+ 1-0

[Event "4NCL Division 3 South"]
[Site "Maidenhead, ENG"]
[Date "2022.02.12"]
[Round "3.73"]
[White "Adaway, William"]
[Black "Lim, Mark"]
[Result "1-0"]
[WhiteElo "1854"]
[BlackElo "1801"]
[PlyCount "105"]
[EventDate "2022.02.12"]
[WhiteTeam "Weesex Some Stars B"]
[BlackTeam "Cambridge University 3"]

1. e4 d5 2. exd5 Qxd5 3. Nc3 Qd8 4. d4 c6 5. Nf3 Bf5 6. Bd3 Bxd3 7. Qxd3 Nf6 8.
O-O e6 9. Re1 Be7 10. Bg5 O-O 11. Rad1 Nbd7 12. a3 Re8 13. Ne5 Nxe5 14. dxe5
Qxd3 15. Rxd3 Nd5 16. Bxe7 Rxe7 17. Ne4 h6 18. Red1 Nb6 19. b3 a5 20. a4 Nd5
21. c4 f5 22. Nc5 Nf4 23. Rd8+ Rxd8 24. Rxd8+ Kf7 25. Rb8 Ne2+ 26. Kf1 Nd4 27.
Nxb7 Kg6 28. Nc5 Ra7 29. f4 Kf7 30. Kf2 g5 31. Ke3 Nc2+ 32. Kd2 Nb4 33. g3 Na6
34. Rb7+ Rxb7 35. Nxb7 Ke7 36. Nxa5 Kd7 37. Nb7 Kc7 38. Nd6 Kb6 39. Nf7 gxf4
40. gxf4 h5 41. Ng5 Nc7 42. b4 c5 43. b5 Ka5 44. Kc3 Kxa4 45. b6 Na6 46. Nxe6
Ka5 47. Nc7 Nb8 48. e6 Nc6 49. Nd5 Ka6 50. e7 Nxe7 51. Nxe7 Kxb6 52. Nxf5 Kc6
53. h4 1-0

[Event "4NCL Division 3 South"]
[Site "Maidenhead, ENG"]
[Date "2022.02.12"]
[Round "3.74"]
[White "Breed, Greg J"]
[Black "De Coverly, Roger D"]
[Result "0-1"]
[WhiteElo "1784"]
[BlackElo "1852"]
[PlyCount "102"]
[EventDate "2022.02.12"]
[WhiteTeam "Cambridge University 3"]
[BlackTeam "Weesex Some Stars B"]

1. d4 Nf6 2. Nf3 b6 3. c4 Bb7 4. Nc3 g6 5. e3 Bg7 6. Be2 O-O 7. O-O d6 8. Qc2
Nbd7 9. b3 e5 10. Bb2 e4 11. Nd2 Re8 12. d5 Qe7 13. Nb5 Nf8 14. Rad1 h5 15. h4
a6 16. Nd4 Ng4 17. Bxg4 hxg4 18. g3 Nd7 19. Ne2 Ne5 20. Nf4 Rac8 21. Kg2 Nf3
22. Bxg7 Kxg7 23. Qb2+ Qe5 24. Qxe5+ Rxe5 25. Rh1 Rh8 26. Nb1 Bc8 27. Nc3 Bd7
28. Kf1 g5 29. Ng2 gxh4 30. gxh4 b5 31. cxb5 axb5 32. b4 Ra8 33. Ke2 Ra3 34.
Rc1 Rf5 35. Rc2 Ne5 36. Nf4 Nd3 37. Nxd3 exd3+ 38. Kxd3 Rxd5+ 39. Ke2 Re5 40.
Rhc1 Ra8 41. Rd2 Be6 42. Kf1 Rh8 43. Kg2 Rxh4 44. a4 bxa4 45. Nxa4 Bd5+ 46. Kg3
Rh3+ 47. Kxg4 Be6+ 48. Kf4 Rh4+ 49. Kf3 Rxb4 50. Nc3 Rf5+ 51. Kg3 Rg5+ 0-1

[Event "4NCL Division 3 South"]
[Site "Maidenhead, ENG"]
[Date "2022.02.12"]
[Round "3.75"]
[White "Moore, Gillian A"]
[Black "Hayali, Laith"]
[Result "0-1"]
[WhiteElo "1779"]
[BlackElo "1759"]
[PlyCount "88"]
[EventDate "2022.02.12"]
[WhiteTeam "Weesex Some Stars B"]
[BlackTeam "Cambridge University 3"]

1. d4 d5 2. Nc3 Bf5 3. Bf4 Nf6 4. f3 e6 5. g4 Bg6 6. h4 h5 7. g5 Nfd7 8. e3 a6
9. Bd3 Bxd3 10. Qxd3 c5 11. Kf2 Nc6 12. Bg3 cxd4 13. exd4 Qb6 14. Nge2 Nb4 15.
Qd2 Bd6 16. a3 Bxg3+ 17. Nxg3 Nc6 18. Nge2 Nde5 19. b3 Ng6 20. Rad1 Nce7 21.
Nf4 Rc8 22. Nce2 Qd6 23. b4 Nxf4 24. Nxf4 Nf5 25. c3 g6 26. Rh3 O-O 27. Nd3 b6
28. Rc1 Rc7 29. Ne5 Rfc8 30. f4 Qe7 31. Rhh1 Nd6 32. Kg2 Ne4 33. Qe1 Rxc3 34.
Rxc3 Rxc3 35. Rh3 Rc2+ 36. Kf1 Qc7 37. Nd3 Qc4 38. Kg1 Qxd4+ 39. Qe3 Qa1+ 40.
Qe1 Qxa3 41. Nf2 Qb2 42. Nd3 Qd4+ 43. Qe3 Qc3 44. Qxb6 Qa1+ 0-1

[Event "4NCL Division 3 South"]
[Site "Maidenhead, ENG"]
[Date "2022.02.12"]
[Round "3.76"]
[White "Nettleton, Robin"]
[Black "Coburn, Joseph A"]
[Result "1/2-1/2"]
[WhiteElo "1326"]
[BlackElo "1776"]
[PlyCount "61"]
[EventDate "2022.02.12"]
[WhiteTeam "Cambridge University 3"]
[BlackTeam "Weesex Some Stars B"]

1. d4 d6 2. Bf4 Nf6 3. e3 g6 4. c3 Bg7 5. Be2 c6 6. Nf3 Nbd7 7. O-O O-O 8. Nbd2
b5 9. a4 Qb6 10. Qc2 a5 11. c4 b4 12. b3 c5 13. Rad1 Re8 14. d5 e5 15. Bg3 Nh5
16. Ng5 Nxg3 17. fxg3 Nf6 18. Rf2 h6 19. Nge4 Ng4 20. Bxg4 Bxg4 21. Rdf1 Bf5
22. Nf3 Bxe4 23. Qxe4 f5 24. Qc2 Bf6 25. Nh4 Bxh4 26. gxh4 h5 27. e4 f4 28. Qe2
Rf8 29. g4 fxg3 30. hxg3 Qc7 31. Qe3 1/2-1/2

[Event "4NCL Division 3 South"]
[Site "Maidenhead, ENG"]
[Date "2022.02.12"]
[Round "3.81"]
[White "Lovell, Steve"]
[Black "Robinson, James"]
[Result "1/2-1/2"]
[WhiteElo "1813"]
[BlackElo "1923"]
[PlyCount "49"]
[EventDate "2022.02.12"]
[WhiteTeam "Iceni 3"]
[BlackTeam "Barnet Knights B"]

1. e4 e5 2. Nf3 Nc6 3. Bc4 Nf6 4. d4 Nxe4 5. dxe5 Nc5 6. O-O Be7 7. Nc3 Ne6 8.
Be3 O-O 9. Nd5 Bc5 10. Qd2 d6 11. exd6 Bxd6 12. Rad1 Ne5 13. Be2 Ng4 14. Qc3
Nxe3 15. Nxe3 Nf4 16. Rfe1 Qe7 17. Qd4 Nxe2+ 18. Rxe2 Bd7 19. Nf5 Bxf5 20. Rxe7
Bxe7 21. Qe5 Bxc2 22. Rd7 Bd6 23. Qd5 Ba4 24. Rxd6 cxd6 25. Qxd6 1/2-1/2

[Event "4NCL Division 3 South"]
[Site "Maidenhead, ENG"]
[Date "2022.02.12"]
[Round "3.82"]
[White "Eedle, Eric F"]
[Black "Alderson, John K A"]
[Result "1/2-1/2"]
[WhiteElo "1836"]
[BlackElo "1794"]
[PlyCount "59"]
[EventDate "2022.02.12"]
[WhiteTeam "Barnet Knights B"]
[BlackTeam "Iceni 3"]

1. d4 Nf6 2. c4 d6 3. Nc3 c6 4. e4 e5 5. d5 Be7 6. Bd3 Nbd7 7. Nge2 O-O 8. Ng3
Nc5 9. b4 Nxd3+ 10. Qxd3 a5 11. b5 c5 12. O-O b6 13. a4 Ra7 14. Nd1 Ne8 15. Bb2
g6 16. Ne3 Bf6 17. Rae1 Bg7 18. f4 f6 19. f5 Raf7 20. Qe2 Bh8 21. Ng4 Bg7 22.
Bc1 Kh8 23. Ne3 Bh6 24. Rf3 Bxe3+ 25. Bxe3 Rg8 26. Ref1 g5 27. Nh5 h6 28. Rh3
Rh7 29. g4 Rf8 30. Kf2 1/2-1/2

[Event "4NCL Division 3 South"]
[Site "Maidenhead, ENG"]
[Date "2022.02.12"]
[Round "3.83"]
[White "Usher, Michael E"]
[Black "Vyas, Alisha"]
[Result "0-1"]
[WhiteElo "1714"]
[BlackElo "1820"]
[PlyCount "62"]
[EventDate "2022.02.12"]
[WhiteTeam "Iceni 3"]
[BlackTeam "Barnet Knights B"]

1. d4 g6 2. Nc3 Bg7 3. Nf3 d6 4. Bg5 Nf6 5. Qd2 O-O 6. Bh6 a6 7. Bxg7 Kxg7 8.
a4 Nc6 9. e4 e5 10. h3 exd4 11. Nxd4 Bd7 12. Bc4 Re8 13. f3 Nxd4 14. Qxd4 b5
15. Bb3 Be6 16. Bxe6 Rxe6 17. axb5 axb5 18. O-O c5 19. Qd3 b4 20. Nd5 Nxd5 21.
Qxd5 Rxa1 22. Rxa1 Qf6 23. Ra7 Qe5 24. Qb7 Rf6 25. Ra8 Kh6 26. Qc8 Qxb2 27.
Qf8+ Kh5 28. Qg7 Qc1+ 29. Kh2 Qf4+ 30. Kg1 Kh4 31. Kf2 Qd2+ 0-1

[Event "4NCL Division 3 South"]
[Site "Maidenhead, ENG"]
[Date "2022.02.12"]
[Round "3.84"]
[White "Erez, Uri"]
[Black "Jones, Robert L"]
[Result "1-0"]
[WhiteElo "1747"]
[BlackElo "1686"]
[PlyCount "35"]
[EventDate "2022.02.12"]
[WhiteTeam "Barnet Knights B"]
[BlackTeam "Iceni 3"]

1. d4 Nf6 2. Nf3 d5 3. c4 c6 4. Nc3 g6 5. Bf4 Qa5 6. e3 Bg7 7. Bd3 dxc4 8. Bxc4
b5 9. Bxf7+ Kxf7 10. Bxb8 Rxb8 11. Ne5+ Ke8 12. Qb3 Rb6 13. Qf7+ Kd8 14. Qxg7
Rg8 15. Qf7 c5 16. dxc5 Be6 17. cxb6 Bxf7 18. Nc6+ 1-0